Being Human :Psychological and Philosophical Perspectives. (Record no. 6621)

MARC details
000 -LEADER
fixed length control field 00545nam a22001937a 4500
003 - CONTROL NUMBER IDENTIFIER
control field OSt
005 - DATE AND TIME OF LATEST TRANSACTION
control field 20200212090525.0
008 - FIXED-LENGTH DATA ELEMENTS--GENERAL INFORMATION
fixed length control field 200212b ||||| |||| 00| 0 eng d
020 ## - INTERNATIONAL STANDARD BOOK NUMBER
International Standard Book Number 9781444128864
040 ## - CATALOGING SOURCE
Transcribing agency DDC
082 ## - DEWEY DECIMAL CLASSIFICATION NUMBER
Classification number 150GRO 2012
100 ## - MAIN ENTRY--PERSONAL NAME
Personal name Gross,Richard;
9 (RLIN) 3607
245 ## - TITLE STATEMENT
Title Being Human :Psychological and Philosophical Perspectives.
260 ## - PUBLICATION, DISTRIBUTION, ETC. (IMPRINT)
Place of publication, distribution, etc. UK
Name of publisher, distributor, etc. Hodder Education.
Date of publication, distribution, etc. 2012
300 ## - PHYSICAL DESCRIPTION
Extent 335p;
Other physical details Col,Ill;
Dimensions 24cm.
504 ## - BIBLIOGRAPHY, ETC. NOTE
Bibliography, etc Glossary references and index are included.
650 ## - SUBJECT ADDED ENTRY--TOPICAL TERM
Topical term or geographic name as entry element psychology.
9 (RLIN) 31
942 ## - ADDED ENTRY ELEMENTS (KOHA)
Source of classification or shelving scheme Dewey Decimal Classification
Koha item type Open Shelf
Holdings
Withdrawn status Lost status Source of classification or shelving scheme Damaged status Not for loan Home library Current library Date acquired Source of acquisition Inventory number Total Checkouts Full call number Barcode Date last seen Price effective from Koha item type
    Dewey Decimal Classification     MUST Main Library MUST Main Library 12/02/2020 Donation 14/37704   150GRO 2012 2020-0450 12/02/2020 12/02/2020 Open Shelf
    Dewey Decimal Classification     MUST Main Library MUST Main Library 24/02/2020 Donation 14/37705   150GRO 2012 2020-0569 24/02/2020 24/02/2020 Open Shelf
    Dewey Decimal Classification     MUST Main Library MUST Main Library 24/02/2020 Donation 14/37708   150GRO 2012 2020-0570 24/02/2020 24/02/2020 Open Shelf
    Dewey Decimal Classification     MUST Main Library MUST Main Library 24/02/2020 Donation 14/37706   150GRO 2012 2020-0571 24/02/2020 24/02/2020 Open Shelf
    Dewey Decimal Classification     MUST Main Library MUST Main Library 24/02/2020 Donation 14/37707   150GRO 2012 2020-0572 24/02/2020 24/02/2020 Open Shelf
    Dewey Decimal Classification     MUST Main Library MUST Main Library 24/02/2020 Donation 14/37703   150GRO 2012 2020-0573 24/02/2020 24/02/2020 Open Shelf